| 000 | 00541nam a2200205 4500 | ||
|---|---|---|---|
| 003 | LK-CoMWRAF | ||
| 005 | 20230831124052.0 | ||
| 008 | 230831b1997 |||||||| |||| 00| 0 eng d | ||
| 020 | _a9559601601 | ||
| 040 |
_aLK-CoMWRAF _dLK-CoMWRAF _eLK-CoMWRAF |
||
| 041 | _aeng | ||
| 082 |
_a823 _bMUN |
||
| 100 | _aMunasinghe, Flower | ||
| 245 | _aThe Spinning wheel & other stories | ||
| 260 |
_aColombo : _bFlower Munasinghe, _c1997 |
||
| 300 | _a140p | ||
| 650 | _aENGLISH LITERATURE-Fiction | ||
| 650 | _aENGLISH SHORT STORIES | ||
| 942 | _cBK | ||
| 999 |
_c3334 _d3334 |
||